| Tag |
First Indicator |
Second Indicator |
Subfields |
| LEADER |
00000cam a22000008a 4500 |
| 001 |
in00000019863 |
| 005 |
20151007053739.0 |
| 008 |
870527s1988 nju b 00110beng |
| 010 |
|
|
|a 86046406
|
| 020 |
|
|
|a 083863317X (alk. paper)
|
| 035 |
|
|
|a (OCoLC)16004988
|
| 035 |
|
|
|9 AAB2693AM
|
| 040 |
|
|
|a DLC
|c DLC
|d m/c
|d TXA
|d UtOrBLW
|
| 049 |
|
|
|a TXAM
|c [A11109042]
|
| 050 |
0 |
0 |
|a PN2287.P56
|b S65 1987
|
| 050 |
|
4 |
|a PN2287.P56
|b S65 1988
|
| 082 |
0 |
|
|a 792/.028/0924
|a B
|2 19
|
| 100 |
1 |
|
|a Smith, Geddeth,
|d 1934-
|
| 245 |
1 |
4 |
|a The brief career of Eliza Poe /
|c Geddeth Smith.
|
| 263 |
|
|
|a 8712
|
| 264 |
|
1 |
|a Rutherford [N.J.] :
|b Fairleigh University Press,
|c [1988]
|
| 264 |
|
4 |
|c ©1988
|
| 300 |
|
|
|a 174 pages
|
| 336 |
|
|
|a text
|b txt
|2 rdacontent
|
| 337 |
|
|
|a unmediated
|b n
|2 rdamedia
|
| 338 |
|
|
|a volume
|b nc
|2 rdacarrier
|
| 504 |
|
|
|a Bibliography: pages 161-165.
|
| 500 |
|
|
|a Includes index.
|
| 600 |
1 |
0 |
|a Poe, Eliza,
|d -1811.
|
| 650 |
|
0 |
|a Actors
|z United States
|v Biography.
|
| 999 |
|
|
|a MARS
|
| 999 |
f |
f |
|s 15978697-0573-3fcb-8613-559ac8fe87c9
|i 6a564998-4147-329d-bf29-b42bfea08bd8
|t 0
|
| 952 |
f |
f |
|p ric
|a Texas A&M University
|b Rellis Campus
|c Joint Library Facility
|d Remote Storage
|t 0
|e PN2287.P56 S65 1988
|h Library of Congress classification
|i unmediated -- volume
|m A14811109042
|
| 998 |
f |
f |
|a PN2287.P56 S65 1988
|t 0
|l Remote Storage
|